Top 100 baby boy names 2019- Scotland - Statistics

General Stats
  • This quiz has been taken 215 times
  • The average score is 55 of 100
Answer Stats
Hint Answer % Correct
3 James
94%
81 John
93%
35 William
93%
15 Harry
92%
40= George
91%
23 Daniel
89%
62= David
89%
1 Jack
89%
17 Thomas
88%
2 Oliver
87%
92= Henry
86%
72 Michael
85%
96 Alex
83%
49= Andrew
83%
67= Robert
83%
94= Ben
81%
42= Matthew
81%
54= Samuel
81%
58= Joseph
80%
33 Adam
79%
38 Liam
79%
6 Noah
79%
4 Charlie
74%
28= Ethan
74%
21 Jacob
74%
24 Joshua
74%
51= Luca
74%
11 Alexander
73%
45 Nathan
73%
8 Leo
72%
14 Lucas
72%
25 Oscar
72%
73= Benjamin
70%
49= Luke
68%
61 Isaac
66%
71 Leon
66%
7 Lewis
66%
13 Logan
66%
28= Mason
66%
60 Ryan
66%
31 Freddie
65%
19= Archie
64%
85= Elijah
64%
26 Arthur
63%
16 Theo
62%
34 Aaron
61%
79 Jackson
60%
12 Max
60%
89 Aiden
59%
10 Alfie
59%
66 Dylan
57%
5 Harris
56%
19= Finn
55%
39 Jamie
55%
42= Muhammad
55%
73= Louis
54%
80 Owen
54%
30 Harrison
52%
67= Connor
50%
22 Finlay
50%
48 Tommy
50%
40= Callum
49%
73= Kai
49%
44 Caleb
47%
37 Cameron
46%
100= Frankie
46%
9 Rory
46%
76 Theodore
46%
88 Elliot
43%
51= Riley
42%
46 Carter
40%
27 Hunter
39%
99 Gabriel
36%
32 Ollie
36%
58= Hamish
34%
54= Jude
34%
51= Angus
33%
90= Aidan
31%
77 Reuben
31%
78 Cooper
30%
56= Cole
28%
92= Ellis
28%
82= Fraser
28%
100= Roman
28%
47 Blake
26%
18 Brodie
24%
98 Jax
24%
84 Carson
23%
67= Arlo
21%
94= Cody
21%
64= Blair
20%
87 Grayson
20%
62= Louie
20%
64= Arran
17%
36 Jaxon
17%
56= Sonny
16%
85= Murray
13%
82= Innes
9%
97 Callan
8%
67= Ruaridh
7%
No matching quizzes found
Score Distribution
Percent of People with Each Score
Percentile by Number Answered
Your Score History
You have not taken this quiz